Nicaragua-Quiz - Statistiken

Allgemein
  • Dieses Quiz wurde 1.164 mal gespielt
  • Das Durchschnittsergebnis liegt bei 10 aus 20
Antwortstatistiken
Frage Antwort % Korrekt
Amtssprache Spanisch
98%
Nachbarland Costa Rica
92%
Nachbarland Honduras
91%
Meer östlich von Nicaragua Karibisches Meer
85%
Hauptstadt von Nicaragua Managua
77%
Land, das Nicaragua während den Bananenkriegen von 1912-1933 besaß USA
76%
Beliebteste Sportart Baseball
69%
Größter See (flächenmässig) Nicaraguasee
59%
Land, das die obige Küste von 1638–1787 und 1844–1860 kontrollierte Vereinigtes Königreich
59%
Die USA hatten vor ein solches in Nicaragua zu graben, die sie letzlich weiter südlich bauten Kanal
56%
Dieser Süßwassersee ist weltweit der von diesen Fischen bewohnt ist Haie
35%
Älteste europäisch-gegründete Stadt auf den amerikanischen Kontinenten, benannt nach einer Stadt in Südspanien Granada
32%
Die größte Insel dieses Sees hat zwei _____, Concepción und Maderas Vulkane
32%
Gründer dieser beiden Städte; auch der Name der Währung Nicaraguas Francisco Hernández de {Córdoba}
27%
Zweitgrößte Stadt, benannt nach einer Stadt in Nordspanien León
25%
Präsident von Nicaragua seit 2007 Daniel Ortega
22%
Historische Bezeichnung für die Ostküste Nicaraguas {Moskito}küste
19%
Rebellengruppe, die das obige Regime entgegenstand und Geld für Waffen aus den USA bekam Contras
18%
Radikale Sozialistenpartei, die Nicaragua 1979–1990 kontrollierte Sandinista
17%
Fluss, der ein Großteil der oberen Grenze Nicaraguas ausmacht Río {Coco}
10%
Keine übereinstimmenden Quizze gefunden
Verteilung der Resultate
Anzahl Personen mit jedem Resultat
Perzentil nach korrekt beantworteten Fragen
Ihre Resultats-Entwicklung
Sie haben dieses Quiz noch nicht gespielt